[Event "wyco2016"]
[Site "?"]
[Date "2016.07.23"]
[Round "2.35"]
[White "Parkhov, Yair"]
[Black "Schroeder, Kevin"]
[Result "1/2-1/2"]
[BlackElo "2350"]
[WhiteElo "2162"]
[LiveChessVersion "1.4.8"]

1. d4 {[%clk 1:30:57]} Nf6 {[%clk 1:30:52]} 2. c4 {[%clk 1:30:59]} e6
{[%clk 1:31:18]} 3. Nf3 {[%clk 1:31:09]} Bb4+ {[%clk 1:31:44]} 4. Nbd2
{[%clk 1:31:32]} b6 {[%clk 1:32:07]} 5. a3 {[%clk 1:31:39]} Bxd2+
{[%clk 1:32:33]} 6. Qxd2 {[%clk 1:32:01]} Bb7 {[%clk 1:32:59]} 7. g3
{[%clk 1:31:40]} O-O {[%clk 1:31:59]} 8. Bg2 {[%clk 1:31:12]} d6 {[%clk 1:32:23]}
9. b3 {[%clk 1:31:00]} Nbd7 {[%clk 1:31:27]} 10. Bb2 {[%clk 1:31:03]} a5
{[%clk 1:23:01]} 11. O-O {[%clk 1:30:29]} Qe7 {[%clk 1:18:52]} 12. Rfe1
{[%clk 1:24:59]} Be4 {[%clk 1:12:20]} 13. Qc3 {[%clk 1:22:13]} Rfe8
{[%clk 0:57:45]} 14. Bh3 {[%clk 1:21:55]} c6 {[%clk 0:42:37]} 15. Nd2
{[%clk 1:16:16]} Bg6 {[%clk 0:41:30]} 16. Bg2 {[%clk 1:09:16]} Rec8
{[%clk 0:37:27]} 17. e4 {[%clk 1:05:25]} d5 {[%clk 0:33:05]} 18. Qe3
{[%clk 1:02:58]} Qd8 {[%clk 0:32:33]} 19. f4 {[%clk 0:55:50]} a4 {[%clk 0:32:15]}
20. b4 {[%clk 0:54:41]} b5 {[%clk 0:23:45]} 21. e5 {[%clk 0:50:15]} Ne4
{[%clk 0:19:59]} 22. c5 {[%clk 0:47:30]} f5 {[%clk 0:19:08]} 23. h3
{[%clk 0:39:28]} Nf8 {[%clk 0:18:31]} 24. Kh2 {[%clk 0:37:10]} h6
{[%clk 0:17:45]} 25. Bf3 {[%clk 0:35:23]} Bh7 {[%clk 0:16:02]} 26. Rg1
{[%clk 0:34:38]} Kh8 {[%clk 0:15:24]} 27. Raf1 {[%clk 0:31:02]} Ra7
{[%clk 0:15:08]} 28. Bc1 {[%clk 0:28:50]} Rf7 {[%clk 0:15:02]} 29. Bh5
{[%clk 0:28:22]} Bg6 {[%clk 0:13:03]} 30. Bd1 {[%clk 0:28:27]} Nh7
{[%clk 0:12:52]} 31. Nf3 {[%clk 0:26:29]} Rf8 {[%clk 0:13:03]} 32. Qe1
{[%clk 0:25:13]} Be8 {[%clk 0:09:07]} 33. Bc2 {[%clk 0:23:47]} g5
{[%clk 0:04:12]} 34. Bd1 {[%clk 0:14:45]} Bg6 {[%clk 0:03:33]} 35. h4
{[%clk 0:12:29]} Kg7 {[%clk 0:02:23]} 36. Qe3 {[%clk 0:09:27]} Bh5
{[%clk 0:02:14]} 37. fxg5 {[%clk 0:08:11]} hxg5 {[%clk 0:01:57]} 38. hxg5
{[%clk 0:08:09]} Rh8 {[%clk 0:01:44]} 39. Kg2 {[%clk 0:07:40]} Nf8
{[%clk 0:00:55]} 40. Nh4 {[%clk 0:06:13]} Ng6 {[%clk 0:01:05]} 41. Nxg6
{[%clk 0:06:06]} Kxg6 {[%clk 0:01:17]} 42. Rh1 {[%clk 0:06:13]} Bxd1
{[%clk 0:01:19]} 43. Rxd1 {[%clk 0:05:36]} Qxg5 {[%clk 0:00:52]} 44. Qf3
{[%clk 0:03:08]} Qg4 {[%clk 0:01:11]} 45. Qe3 {[%clk 0:03:32]} Rcg8
{[%clk 0:01:15]} 46. Qf3 {[%clk 0:02:53]} Qxf3+ {[%clk 0:00:59]} 47. Kxf3
{[%clk 0:03:13]} Kf7 {[%clk 0:00:51]} 48. Bf4 {[%clk 0:03:22]} Kg6
{[%clk 0:01:08]} 49. Rc1 {[%clk 0:03:28]} Ng5+ {[%clk 0:01:15]} 50. Bxg5
{[%clk 0:03:37]} Kxg5 {[%clk 0:01:42]} 51. Rcg1 {[%clk 0:03:57]} Rf8
{[%clk 0:01:28]} 52. Rf1 {[%clk 0:03:41]} 1/2-1/2

[Event "wyco2016"]
[Site "?"]
[Date "2016.07.23"]
[Round "2.36"]
[White "Sieber, Fiona"]
[Black "Gorodetzky, Matan"]
[Result "1-0"]
[BlackElo "2127"]
[WhiteElo "2177"]
[LiveChessVersion "1.4.8"]

1. e4 {[%clk 1:30:58]} e6 {[%clk 1:30:54]} 2. d4 {[%clk 1:31:25]} d5
{[%clk 1:31:16]} 3. Nc3 {[%clk 1:31:51]} Nf6 {[%clk 1:31:37]} 4. e5
{[%clk 1:32:17]} Nfd7 {[%clk 1:32:00]} 5. f4 {[%clk 1:32:44]} c5 {[%clk 1:32:12]}
6. Nf3 {[%clk 1:33:11]} Nc6 {[%clk 1:32:06]} 7. Be3 {[%clk 1:33:37]} a6
{[%clk 1:31:55]} 8. Qd2 {[%clk 1:29:52]} cxd4 {[%clk 1:31:31]} 9. Nxd4
{[%clk 1:30:16]} Bc5 {[%clk 1:30:04]} 10. O-O-O {[%clk 1:30:34]} Bxd4
{[%clk 1:27:16]} 11. Bxd4 {[%clk 1:30:58]} Nxd4 {[%clk 1:27:39]} 12. Qxd4
{[%clk 1:31:23]} b5 {[%clk 1:25:54]} 13. Qe3 {[%clk 1:14:05]} Qb6
{[%clk 1:21:21]} 14. Qg3 {[%clk 1:10:54]} g6 {[%clk 1:03:15]} 15. Bd3
{[%clk 0:59:28]} Bb7 {[%clk 1:02:55]} 16. Rhe1 {[%clk 0:56:32]} O-O-O
{[%clk 1:00:37]} 17. Kb1 {[%clk 0:50:59]} Kb8 {[%clk 0:59:46]} 18. Qh4
{[%clk 0:47:55]} b4 {[%clk 0:45:17]} 19. Ne2 {[%clk 0:47:00]} a5 {[%clk 0:45:07]}
20. h3 {[%clk 0:44:10]} a4 {[%clk 0:37:42]} 21. g4 {[%clk 0:39:04]} a3
{[%clk 0:35:07]} 22. b3 {[%clk 0:38:34]} Qc5 {[%clk 0:25:56]} 23. Qg3
{[%clk 0:35:41]} h5 {[%clk 0:24:05]} 24. f5 {[%clk 0:22:13]} h4 {[%clk 0:20:53]}
25. Qf4 {[%clk 0:18:52]} g5 {[%clk 0:18:13]} 26. Qd4 {[%clk 0:17:26]} Qa5
{[%clk 0:14:33]} 27. c3 {[%clk 0:16:33]} bxc3 {[%clk 0:13:44]} 28. Nxc3
{[%clk 0:16:14]} f6 {[%clk 0:11:33]} 29. exf6 {[%clk 0:11:37]} e5
{[%clk 0:11:55]} 30. Rxe5 {[%clk 0:11:58]} Nxe5 {[%clk 0:12:18]} 31. Qxe5+
{[%clk 0:12:26]} Qc7 {[%clk 0:11:00]} 32. Qxc7+ {[%clk 0:12:47]} Kxc7
{[%clk 0:11:25]} 33. Nb5+ {[%clk 0:11:13]} Kb6 {[%clk 0:07:44]} 34. Nxa3
{[%clk 0:07:18]} Rhf8 {[%clk 0:07:57]} 35. Nc2 {[%clk 0:06:50]} d4
{[%clk 0:08:06]} 36. Bf1 {[%clk 0:03:42]} Be4 {[%clk 0:07:17]} 37. Kb2
{[%clk 0:02:51]} d3 {[%clk 0:06:43]} 38. Ne3 {[%clk 0:02:44]} Rxf6
{[%clk 0:06:11]} 39. Kc3 {[%clk 0:03:03]} Rf7 {[%clk 0:04:42]} 40. Bxd3
{[%clk 0:02:56]} Re7 {[%clk 0:02:34]} 41. f6 {[%clk 0:01:18]} Rc7+
{[%clk 0:02:12]} 42. Nc4+ {[%clk 0:01:22]} Ka7 {[%clk 0:02:23]} 43. Rd2
{[%clk 0:01:20]} Rxd3+ {[%clk 0:02:17]} 44. Rxd3 {[%clk 0:01:48]} Bxd3
{[%clk 0:02:40]} 45. Kxd3 {[%clk 0:02:17]} Rf7 {[%clk 0:03:00]} 46. Ke4
{[%clk 0:01:55]} Rxf6 {[%clk 0:03:22]} 47. Ne5 {[%clk 0:01:39]} Rf2
{[%clk 0:03:15]} 48. Nf3 {[%clk 0:01:48]} Rxa2 {[%clk 0:03:13]} 49. Nxg5
{[%clk 0:02:12]} Rb2 {[%clk 0:03:04]} 50. Nf3 {[%clk 0:02:33]} Rxb3
{[%clk 0:02:27]} 51. g5 {[%clk 0:02:52]} Kb7 {[%clk 0:01:54]} 52. g6
{[%clk 0:03:05]} Rb4+ {[%clk 0:01:00]} 53. Kf5 {[%clk 0:03:17]} Rb3
{[%clk 0:01:12]} 54. Nxh4 {[%clk 0:02:33]} Kc7 {[%clk 0:00:56]} 55. g7
{[%clk 0:02:55]} Rb8 {[%clk 0:01:15]} 56. Kf6 {[%clk 0:03:16]} Kd6
{[%clk 0:01:32]} 57. Nf5+ {[%clk 0:03:35]} 1-0